AIDS in the World (Record no. 14295)

MARC details
000 -LEADER
fixed length control field 00645nam a2200241 a 4500
020 ## - INTERNATIONAL STANDARD BOOK NUMBER
ISBN 8176487465
082 00 - DEWEY DECIMAL CLASSIFICATION NUMBER
Classification number 362.1969
Author Cutter MAH
100 ## - MAIN ENTRY--AUTHOR NAME
Author name Mahmud, Jafar
245 ## - TITLE STATEMENT
Title AIDS in the World
Sub title Global Dimensions, Social Roots and Responses
260 ## - PUBLICATION, DISTRIBUTION, ETC. (IMPRINT)
Place of publication New Delhi
Name of publisher A.P.H.Publishing Corporation
Year of publication 2004
300 ## - PHYSICAL DESCRIPTION
Number of Pages 319p
500 ## - GENERAL NOTE
General note includes index and biblioraphy
505 2# - FORMATTED CONTENTS NOTE
Formatted contents note references, bibliography
650 ## - SUBJECT ADDED ENTRY--TOPICAL TERM
Topical Term Aids
942 ## - ADDED ENTRY ELEMENTS (KOHA)
Koha item type Books
700 1# -
-- Mahmud, Jafar
Holdings
Collection code Home library Current library Date acquired Cost, normal purchase price Full call number Accession Number Koha item type
  Henry Martyn Institute Library Henry Martyn Institute Library 11/27/2007 695.00 362.1969 MAH 021437 Books
                   Copyright © 2026 | Henry Martyn Institute | Hyderabad | TS-500052 | INDIA | Implemented by hmi.edu.in
Hit-Count:

Powered by Koha